| 000 | 00780nam a2200241 i 4500 | ||
|---|---|---|---|
| 001 | bg | ||
| 100 | 1 | _aJASIŃSKA-SUWADA, Anna | |
| 245 | 1 | 0 |
_aPrzewodnik do ćwiczeń z przedmiotu : systemy operacyjne : _bpomoc dydaktyczna / _cAnna Jasińska-Suwada, Stanisława Plichta ; Politechnika Krakowska im. Tadeusz Kościuszki. |
| 260 |
_aKraków : _bPK, _c2001. |
||
| 300 |
_a71 s. : _brys. ; _c24 cm. |
||
| 504 | _aBibliogr. | ||
| 650 | 9 | _aSystemy operacyjne | |
| 655 | _aPodręczniki akademickie | ||
| 700 | 1 | _aPLICHTA, Stanisława | |
| 710 | 0 | _aPolitechnika Krakowska im. Tadeusza Kościuszki | |
| 020 | _a8372421927 | ||
| 040 | _cBPK | ||
| 041 | 0 | _apl | |
| 080 | _a004.451(075.8) | ||
| 920 | _a83-7242-192-7 | ||
| 942 | _cKS | ||
| 008 | s pl f |000 0 pol | ||
| 999 |
_c40602 _d40602 |
||
| 856 |
_uhttp://koha.tu.koszalin.pl/cgi-bin/koha/opac-detail.pl?biblionumber=40602 _yKatalog online BPK |
||